000 00311nam a2200121Ia 4500
008 210430s9999 xx 000 0 und d
082 _a832.912 B8281 G
100 _aBertolt Brecht
245 _aGalileo Galili
_cBertolt Brecht
260 _aPhoto copy
_bRamana iyer
_c2006
300 _a155p
942 _cBK
_2ddc
999 _c562645
_d562645